MARC details
| 000 -CABECERA |
| campo de control de longitud fija |
01398nam a2200229 a 4500 |
| 001 - NÚMERO DE CONTROL |
| campo de control |
000025116 |
| 005 - FECHA Y HORA DE LA ÚLTIMA TRANSACCIÓN |
| campo de control |
20200930023556.0 |
| 008 - DATOS DE LONGITUD FIJA--INFORMACIÓN GENERAL |
| campo de control de longitud fija |
110210s1935 sp abc 000 0 spa d |
| 020 ## - NÚMERO INTERNACIONAL ESTÁNDAR DEL LIBRO |
| Número Internacional Estándar del Libro |
8423948005 (obra completa) |
| 040 ## - FUENTE DE LA CATALOGACIÓN |
| Centro catalogador/agencia de origen |
DO-SdBNP |
| Lengua de catalogación |
spa |
| Centro/agencia transcriptor |
BNPHU |
| 082 ## - NÚMERO DE LA CLASIFICACIÓN DECIMAL DEWEY |
| Número de clasificación |
946 |
| Número de documento/Ítem |
H673e |
| 245 00 - MENCIÓN DE TÍTULO |
| Título |
Historia de España / |
| Mención de responsabilidad, etc. |
Fundada Ramón Menéndez Pidal ; dirigida José María Jover Zamora. |
| 260 ## - PUBLICACIÓN, DISTRIBUCIÓN, ETC. |
| Lugar de publicación, distribución, etc. |
Madrid : |
| Nombre del editor, distribuidor, etc. |
Espasa-Calpe, |
| Fecha de publicación, distribución, etc. |
1935-. |
| 300 ## - DESCRIPCIÓN FÍSICA |
| Extensión |
v. : |
| Otras características físicas |
il. map., retrs. ; |
| Dimensiones |
29 cm. |
| 500 ## - NOTA GENERAL |
| Nota general |
La biblioteca posee los volumenes 19, 23, 31, 35, 39. |
| 504 ## - NOTA DE BIBLIOGRAFÍA, ETC. |
| Nota de bibliografía, etc. |
Incluye bibliografía e índices |
| 505 0# - NOTA DE CONTENIDO CON FORMATO |
| Información miscelánea |
v.19 |
| Título |
El siglo XVI: Economía. Sociedad. Instituciones -- |
| Información miscelánea |
v.23 |
| Título |
La crisis del siglo XVII: La población. La economía. La sociedad -- |
| Información miscelánea |
v.31. t.1. |
| Título |
La época de la ilustración: El estado y la cultura-- |
| Información miscelánea |
v.31. t.2. |
| Título |
La época de la ilustración: Las indias y la política exterior-- |
| Información miscelánea |
v.35 |
| Título |
La época del romanticismo (1808-1874): Orígenes. Religión. Filosofía. Ciencia -- |
| Información miscelánea |
v.39 t.1. |
| Título |
La edad de plata de la cultura española (1898-1936): Identidad pensamiento y vida hispanidad -- |
| Información miscelánea |
v.39 t.2. |
| Título |
La edad de plata de la cultura española (1898-1936): Letras. Ciencia. Arte. Sociedad y cultura -- |
| 651 #4 - PUNTO DE ACCESO ADICIONAL DE MATERIA--NOMBRE GEOGRÁFICO |
| Nombre geográfico |
España |
| Subdivisión general |
Historia |
| 9 (RLIN) |
8844 |
| 700 12 - PUNTO DE ACCESO ADICIONAL--NOMBRE DE PERSONA |
| Nombre de persona |
Menéndez Pidal, Ramón |
| 9 (RLIN) |
42272 |
| 700 12 - PUNTO DE ACCESO ADICIONAL--NOMBRE DE PERSONA |
| Nombre de persona |
Jover Zamora, José María, |
| Término indicativo de función/relación |
director |
| 9 (RLIN) |
51508 |
| 910 ## - DATOS DE OPCIÓN DEL USUARIO (OCLC) |
| Datos de opción del usuario |
Validado. Control de calidad MFF |